| 000 | 00601nmm a2200169Ia 4500 | ||
|---|---|---|---|
| 008 | 251105s9999||||xx |||||||||||||||||und|| | ||
| 020 | _a9788490736456 | ||
| 041 | _aspa | ||
| 100 | _aRius-camps , Josep | ||
| 245 | 0 |
_aEl Evangelio de Marcos: etapas de su redacción : _b Redacción jerosolimitana, refundición a partir de Chipre, redacción final en Roma o Alejandría |
|
| 264 |
_a[Madrid, España] : _bEditorial Verbo Divino, _c2008 |
||
| 300 | _a464 páginas | ||
| 490 | _aEstudios bíblicos | ||
| 650 | _aReligion(s) | ||
| 856 | _uhttps://public.digitaliapublishing.com/a/1149 | ||
| 942 | _cCF | ||
| 999 |
_c87930 _d87930 |
||